000 00453cam a2200181ua 4500
020 _a81-86011-51-X
041 _aeng
_h
082 _a005.43 WIN
_bBAU/WIN
100 _aBaumgart, Katharina .
245 _aWindows 3.1 /
_cKatharina Baumgart.
_hTextual Documents
250 _a1 /
_b.
260 _aNew Delhi :
_bGalgotia Publications ,
_c1993.
300 _a214 ; .
500 _a18977 Scheme
504 _a
942 _cBK
999 _c6606
_d6606